[Event "Corr"]
[Site "?"]
[Date "2000.10.01"]
[Round "?"]
[White "Holovsky Zdenek"]
[Black "Andersson Ingvar"]
[Result "1/2-1/2"]
[WhiteElo "2048"]
[BlackElo "2129"]
[PlyCount "44"]
[EventDate "2000.??.??"]
[Source "www.chesslib.no"]
[SourceDate "2004.05.04"]

1. c4 e6 2. d4 d5 3. Nc3 Nf6 4. Bg5 Be7 5. e3 O-O 6. Nf3 Nbd7 7. Rc1 c6 8. Bd3 dxc4 9. Bxc4 Nd5 10. Bxe7 Qxe7 11. O-O Nxc3 12. Rxc3 e5 13. Qc2 exd4 14. exd4 Nb6 15. Re1 Qd8 16. Bb3 Nd5 17. Bxd5 Qxd5 18. Rc5 Qd6 19. Rce5 h6 20. Qe4 Be6 21. a3 Bd5 22. Qe3 Bxf3 1/2-1/2

[Event "Sao Paulo Open"]
[Site "Sao Paulo BRA"]
[Date "1995.??.??"]
[Round "6"]
[White "Hirota da Silva, Nilton"]
[Black "Chaves, Joara"]
[Result "1-0"]
[WhiteElo "2115"]
[BlackElo "2055"]
[PlyCount "96"]
[EventDate "1995.??.??"]
[Source "www.chesslib.no"]
[SourceDate "2004.05.04"]

1. d4 d5 2. c4 e6 3. Nc3 Nf6 4. Nf3 Nbd7 5. Bg5 Be7 6. e3 O-O 7. Rc1 c6 8. Bd3 dxc4 9. Bxc4 Nd5 10. Bxe7 Qxe7 11. O-O Nxc3 12. Rxc3 e5 13. Qc2 exd4 14. exd4 Nb6 15. Re1 Qf6 16. Bb3 Bg4 17. Qe4 Bh5 18. Qe7 Rab8 19. Qa3 a6 20. Qc5 Nc8 21. Qxh5 Nd6 22. Qg5 Qxg5 23. Nxg5 h6 24. Nf3 Rfe8 25. Rce3 Kf8 26. Rxe8+ Rxe8 27. Rxe8+ Kxe8 28. Kf1 g5 29. Ke2 f6 30. Kd3 Kd7 31. Nd2 f5 32. Nc4 Ne8 33. Ne5+ Ke7 34. f3 Nd6 35. Nc4 Ne8 36. Ne3 Nd6 37. g4 fxg4 38. fxg4 Kf6 39. Bg8 Kg6 40. Be6 h5 41. h3 hxg4 42. hxg4 Kf6 43. Bf5 Ke7 44. Nc4 Ne8 45. Bc8 Nf6 46. Ne5 Kd6 47. Bxb7 c5 48. Bxa6 Kd5 1-0

[Event "HUN-chT3"]
[Site "Hungary"]
[Date "1997.??.??"]
[Round "?"]
[White "Timar, Zsolt"]
[Black "Vadaszi, Janos"]
[Result "1/2-1/2"]
[WhiteElo "2165"]
[BlackElo "1965"]
[PlyCount "26"]
[EventDate "1997.??.??"]
[Source "www.chesslib.no"]
[SourceDate "2004.05.04"]

1. d4 d5 2. c4 e6 3. Nc3 Nf6 4. Bg5 Be7 5. e3 O-O 6. Nf3 c6 7. Rc1 Nbd7 8. Bd3 dxc4 9. Bxc4 Nd5 10. Bxe7 Qxe7 11. O-O Nxc3 12. Rxc3 e5 13. Qc2 e4 1/2-1/2

[Event "London SCCU Open"]
[Site "London ENG"]
[Date "1995.08.??"]
[Round "8"]
[White "Parker, Robert"]
[Black "Moloney, Nicholas"]
[Result "1/2-1/2"]
[WhiteElo "2085"]
[BlackElo "2035"]
[PlyCount "58"]
[EventDate "1995.08.14"]
[Source "www.chesslib.no"]
[SourceDate "2004.05.04"]

1. d4 d5 2. c4 e6 3. Nc3 Nf6 4. Bg5 Be7 5. e3 O-O 6. Nf3 Nbd7 7. Rc1 c6 8. Bd3 dxc4 9. Bxc4 Nd5 10. Bxe7 Qxe7 11. O-O Nxc3 12. Rxc3 e5 13. Qc2 e4 14. Nd2 Nf6 15. Bb3 Bg4 16. Re1 Rad8 17. Rc5 Rfe8 18. Re5 Qc7 19. Nxe4 Rxe5 20. Nxf6+ gxf6 21. dxe5 fxe5 22. f3 Bh5 23. Rd1 Rd6 24. Rxd6 Qxd6 25. Qf5 Bg6 26. Qc8+ Kg7 27. Qxb7 Qd2 28. h3 Qxe3+ 29. Kh2 Qf4+ 1/2-1/2

[Event "Corr"]
[Site "?"]
[Date "2003.03.30"]
[Round "?"]
[White "Turko Sergey"]
[Black "Krysiak Thomas"]
[Result "1/2-1/2"]
[WhiteElo "2120"]
[BlackElo "1986"]
[PlyCount "121"]
[EventDate "2003.??.??"]
[Source "www.chesslib.no"]
[SourceDate "2004.05.04"]

1. d4 d5 2. Nf3 Nf6 3. c4 e6 4. Nc3 Be7 5. Bg5 O-O 6. e3 Nbd7 7. Rc1 c6 8. Bd3 dxc4 9. Bxc4 Nd5 10. Bxe7 Qxe7 11. O-O Nxc3 12. Rxc3 e5 13. Qc2 e4 14. Nd2 Nf6 15. Rc1 Re8 16. a4 Bg4 17. h3 Bd7 18. a5 Rab8 19. Nb3 Bf5 20. Nc5 Red8 21. Qb3 Ne8 22. a6 b6 23. Nb7 Rdc8 24. Qc2 Rc7 25. Bb3 Rbc8 26. f4 Kh8 27. g4 Bd7 28. f5 Kg8 29. Qh2 Qg5 30. Qe5 h5 31. Qxe4 Qh4 32. Qg2 hxg4 33. hxg4 c5 34. dxc5 bxc5 35. Bd5 Bc6 36. e4 Bxd5 37. exd5 Qf6 38. g5 Qd4+ 39. Kh1 Rd7 40. Rc4 Qe5 41. Qf3 Nd6 42. Rxc5 Rxc5 43. Nxc5 Rc7 44. Rc3 Re7 45. Nd3 Qd4 46. Nf2 Qh4+ 47. Kg2 Qxg5+ 48. Qg3 Qf6 49. Rc6 Rd7 50. b4 Nxf5 51. Qb8+ Rd8 52. Qf4 Nh4+ 53. Kg3 Qxf4+ 54. Kxf4 Rxd5 55. Rc8+ Kh7 56. Rc7 Rd4+ 57. Kg3 Nf5+ 58. Kg2 Kg6 59. b5 Rb4 60. Rxa7 Rxb5 61. Rb7 1/2-1/2

[Event "Thessaloniki ol women"]
[Site "Thessaloniki GRE"]
[Date "1984.11.24"]
[Round "6"]
[White "Thorsteinsdottir, Gudlaug"]
[Black "Roos, Celine"]
[Result "0-1"]
[WhiteElo "2015"]
[BlackElo "2025"]
[PlyCount "120"]
[EventDate "1984.11.19"]
[Source "www.chesslib.no"]
[SourceDate "2004.05.04"]

1. d4 Nf6 2. c4 e6 3. Nf3 d5 4. Bg5 Be7 5. Nc3 Nbd7 6. e3 c6 7. Rc1 O-O 8. Bd3 dxc4 9. Bxc4 Nd5 10. Bxe7 Qxe7 11. O-O Nxc3 12. Rxc3 e5 13. Qc2 e4 14. Nd2 Nf6 15. f3 exf3 16. Nxf3 Be6 17. Bd3 Nd5 18. Ra3 f5 19. Qf2 a6 20. Ne5 Rae8 21. Bb1 c5 22. Qg3 cxd4 23. exd4 f4 24. Qf3 Ne3 25. Rc1 Bd5 26. Be4 Bxe4 27. Qxe4 Rd8 28. Rac3 Qd6 29. Nf3 Nd5 30. Ng5 Qg6 31. Qxg6 hxg6 32. Ne6 Nxc3 33. bxc3 b5 34. Nxf8 Kxf8 35. Rf1 g5 36. g3 Rc8 37. Rf3 Ke7 38. gxf4 gxf4 39. Kg2 Ke6 40. Rd3 Kd5 41. Kf3 Rh8 42. Rd2 Rh3+ 43. Kxf4 Rxc3 44. Kf5 b4 45. Kg6 Rc7 46. Kf5 a5 47. h4 a4 48. h5 Rc1 49. Kg6 Rg1+ 50. Kf5 b3 51. axb3 axb3 52. Kf4 Rh1 53. Kg5 Rg1+ 54. Kf5 Rg3 55. Kf4 Rh3 56. Kg4 Rc3 57. Kf5 Rc2 58. Rd1 b2 59. Rb1 Kxd4 60. Kg6 Rg2+ 0-1

[Event "CP.2000.P.00116"]
[Site "?"]
[Date "2000.??.??"]
[Round "?"]
[White "Drewes Tom"]
[Black "Joutsi Jukka"]
[Result "0-1"]
[WhiteElo "1800"]
[BlackElo "2190"]
[PlyCount "102"]
[EventDate "2000.??.??"]
[Source "www.chesslib.no"]
[SourceDate "2004.05.04"]

1. d4 d5 2. c4 e6 3. Nc3 Nf6 4. Bg5 Be7 5. e3 O-O 6. Nf3 Nbd7 7. Rc1 c6 8. Bd3 dxc4 9. Bxc4 Nd5 10. Bxe7 Qxe7 11. O-O Nxc3 12. Rxc3 e5 13. Qc2 exd4 14. exd4 Nb6 15. Re1 Qf6 16. Bb3 Bd7 17. Rc5 Rae8 18. Re3 Rxe3 19. fxe3 Be6 20. Re5 Nd7 21. Rh5 h6 22. Ng5 g6 23. Ne4 Qe7 24. Bxe6 Qxe6 25. Rh3 f5 26. Nc3 Re8 27. Qa4 a6 28. Qb4 b6 29. d5 cxd5 30. Qd4 h5 31. Qxd5 b5 32. Rg3 Ne5 33. Qxe6+ Rxe6 34. e4 fxe4 35. Nxe4 Ng4 36. Nd2 Re2 37. Nf1 Rxb2 38. h3 Nf6 39. Ra3 Nd5 40. Rxa6 Kf7 41. Ra7+ Kf6 42. Ra6+ Ke5 43. Rxg6 b4 44. Ra6 Nf4 45. Ra5+ Kd4 46. Rf5 Rxg2+ 47. Kh1 Rf2 48. Ng3 h4 49. Nh5 Nxh3 50. Ra5 Rb2 51. Ra4 Ke3 0-1

[Event "OWL Ch"]
[Site "Oelde"]
[Date "1994.??.??"]
[Round "1"]
[White "Bellers, Frank"]
[Black "Schacht, Andreas"]
[Result "1-0"]
[WhiteElo "2025"]
[BlackElo "1965"]
[PlyCount "85"]
[EventDate "1994.04.??"]
[Source "www.chesslib.no"]
[SourceDate "2004.05.04"]

1. d4 d5 2. c4 e6 3. Nc3 Nf6 4. Bg5 Be7 5. Nf3 Nbd7 6. e3 O-O 7. Rc1 c6 8. Bd3 dxc4 9. Bxc4 Nd5 10. Bxe7 Qxe7 11. O-O Nxc3 12. Rxc3 e5 13. Qc2 exd4 14. exd4 Nb6 15. Re1 Qd8 16. Bb3 Nd5 17. Bxd5 cxd5 18. Rc7 Bf5 19. Qc5 Rc8 20. Rxc8 Bxc8 21. Qxa7 f6 22. h3 Rf7 23. Qc5 Rc7 24. Re8+ Qxe8 25. Qxc7 Qd7 26. Qc5 Kf7 27. Nd2 Qd8 28. Nf1 Be6 29. Ne3 Qd7 30. b4 Qc6 31. a4 Qxc5 32. bxc5 Ke7 33. Nc2 Bd7 34. a5 Bb5 35. Nb4 Bc4 36. c6 bxc6 37. a6 Bxa6 38. Nxa6 g6 39. Kf1 h5 40. Ke2 g5 41. g4 hxg4 42. hxg4 f5 43. f3 1-0

[Event "12sen.LSEM Sachsen/Anhalt"]
[Site "?"]
[Date "2004.06.16"]
[Round "4"]
[White "Packroff Hermann"]
[Black "Mueller Horst[34Stendal"]
[Result "1-0"]
[WhiteElo "2105"]
[BlackElo "1871"]
[PlyCount "89"]
[EventDate "2004.??.??"]
[Source "www.chesslib.no"]
[SourceDate "2004.05.04"]

1. d4 Nf6 2. Bg5 d5 3. e3 e6 4. Nf3 Be7 5. c4 O-O 6. Nc3 c6 7. Rc1 Nbd7 8. Bd3 dxc4 9. Bxc4 Nd5 10. Bxe7 Qxe7 11. O-O Nxc3 12. Rxc3 e5 13. Qc2 exd4 14. exd4 Nb6 15. Bb3 Qf6 16. Ne5 Bf5 17. Qe2 Nd5 18. Bxd5 cxd5 19. Qb5 b6 20. Rfc1 Be6 21. g3 Qf5 22. Qd3 Qxd3 23. Nxd3 Rac8 24. Nb4 Rxc3 25. Rxc3 a5 26. Nd3 g5 27. f4 h6 28. Kf2 Kg7 29. Ke3 Rc8 30. Rxc8 Bxc8 31. Nf2 g4 32. Kd3 Kf6 33. Kc3 Ke7 34. b4 axb4+ 35. Kxb4 Kd6 36. a4 h5 37. a5 bxa5+ 38. Kxa5 Bf5 39. Kb6 Bc2 40. Kb5 Bf5 41. Nd1 Bd3+ 42. Kb6 Bc4 43. Nc3 Ke6 44. Kc5 Bb3 45. Nxd5 1-0

[Event "C1.2000.0.00293"]
[Site "?"]
[Date "2000.??.??"]
[Round "?"]
[White "Bunyan Henry"]
[Black "Michaud Gerald"]
[Result "1-0"]
[WhiteElo "1815"]
[BlackElo "2050"]
[PlyCount "105"]
[EventDate "2000.??.??"]
[Source "www.chesslib.no"]
[SourceDate "2004.05.04"]

1. d4 e6 2. c4 Nf6 3. Nf3 d5 4. Nc3 Nbd7 5. Bg5 Be7 6. e3 O-O 7. Rc1 c6 8. Bd3 dxc4 9. Bxc4 Nd5 10. Bxe7 Qxe7 11. O-O Nxc3 12. Rxc3 e5 13. Qc2 e4 14. Nd2 Nf6 15. Rc1 Bf5 16. a3 Rad8 17. Bb3 Rfe8 18. Rc5 Nd5 19. Bxd5 Rxd5 20. Rxd5 cxd5 21. Qc5 Qxc5 22. Rxc5 Rd8 23. Rc7 Rb8 24. Nb3 g6 25. h4 h5 26. Nc5 b6 27. Nd7 Rd8 28. Ne5 f6 29. Nc6 Rd7 30. Ne7+ Kf7 31. Nxd5 Rxc7 32. Nxc7 Bd7 33. Nd5 Ke6 34. Nf4+ Kf5 35. f3 exf3 36. gxf3 Be8 37. Nd5 g5 38. e4+ Kg6 39. Kg2 Kf7 40. Kg3 Ba4 41. f4 gxf4+ 42. Kxf4 Bd1 43. e5 fxe5+ 44. Kxe5 Ke8 45. Kf5 Kd7 46. Nf6+ Kd6 47. Kg5 a5 48. Nxh5 Kd5 49. Nf6+ Kxd4 50. Ng4 Bc2 51. h5 a4 52. Kf6 b5 53. h6 1-0

[Event "Corr"]
[Site "?"]
[Date "2001.01.10"]
[Round "?"]
[White "Jimenez Alonso Julio"]
[Black "Gheorghiu Andrei"]
[Result "1/2-1/2"]
[WhiteElo "1989"]
[BlackElo "1826"]
[PlyCount "64"]
[EventDate "2001.??.??"]
[Source "www.chesslib.no"]
[SourceDate "2004.05.04"]

1. d4 Nf6 2. Bg5 e6 3. Nf3 d5 4. c4 Be7 5. Nc3 O-O 6. e3 Nbd7 7. Rc1 c6 8. Bd3 dxc4 9. Bxc4 Nd5 10. Bxe7 Qxe7 11. O-O Nxc3 12. Rxc3 e5 13. Qc2 e4 14. Nd2 Nf6 15. a3 Bf5 16. Ba2 Rac8 17. b4 Rfe8 18. Rc5 g6 19. Rb1 a6 20. a4 Kg7 21. Re5 Qc7 22. Rxe8 Nxe8 23. h3 h5 24. a5 Nd6 25. Rc1 Qe7 26. Qb2 f6 27. Nb3 Be6 28. Nc5 Bxa2 29. Qxa2 Qf7 30. Qc2 Re8 31. Na4 Nb5 32. Qc5 Rd8 1/2-1/2

[Event "CP.1998.P.00041"]
[Site "?"]
[Date "1998.??.??"]
[Round "?"]
[White "Alvebring Martin"]
[Black "Banko Dean"]
[Result "1/2-1/2"]
[WhiteElo "2050"]
[BlackElo "1725"]
[PlyCount "52"]
[EventDate "1998.??.??"]
[Source "www.chesslib.no"]
[SourceDate "2004.05.04"]

1. d4 d5 2. c4 e6 3. Nc3 Nf6 4. Nf3 Be7 5. Bg5 O-O 6. e3 Nbd7 7. Rc1 c6 8. Bd3 dxc4 9. Bxc4 Nd5 10. Bxe7 Qxe7 11. O-O Nxc3 12. Rxc3 e5 13. Qc2 exd4 14. exd4 Nb6 15. Re1 Qd8 16. Bb3 Nd5 17. Bxd5 Qxd5 18. Rc5 Qd6 19. Ng5 g6 20. Qc3 Bf5 21. Rce5 Rad8 22. Re7 Rd7 23. Qe3 Rxe7 24. Qxe7 Qxe7 25. Rxe7 f6 26. Nf3 Rf7 1/2-1/2

[Event "Corr"]
[Site "?"]
[Date "2000.03.02"]
[Round "?"]
[White "Humen John"]
[Black "Shook Ray"]
[Result "1-0"]
[WhiteElo "1810"]
[BlackElo "1625"]
[PlyCount "81"]
[EventDate "2000.??.??"]
[Source "www.chesslib.no"]
[SourceDate "2004.05.04"]

1. d4 d5 2. c4 e6 3. Nc3 Nf6 4. Bg5 Be7 5. e3 O-O 6. Nf3 Nbd7 7. Rc1 c6 8. Bd3 dxc4 9. Bxc4 Nd5 10. Bxe7 Qxe7 11. O-O Nxc3 12. Rxc3 e5 13. Qc2 exd4 14. exd4 Nb6 15. Bb3 Qf6 16. Re3 Be6 17. Bxe6 fxe6 18. Rfe1 Rae8 19. Re5 h6 20. Qb3 Re7 21. Rxe6 Rxe6 22. Rxe6 Qf7 23. a3 Nd5 24. Re2 Qg6 25. Re1 Qf7 26. Qc2 Qf5 27. Qe4 Qf6 28. h3 Nf4 29. Re3 Nd5 30. Re1 Nf4 31. Kh2 Nd5 32. Qg4 Nf4 33. Re4 Nd3 34. Qg3 Nxb2 35. Ne5 Qe6 36. Rg4 g5 37. h4 b5 38. Qh3 Kh8 39. hxg5 Nc4 40. g6 Kg7 41. Nf7 1-0